Missing Word: Mystery Movie Director Quiz Stats

 Plays Quiz Updated Sep 1, 2014

Support Sporcle.
Go Orange.
Score 0/39 Timer 04:00
1 Play Today
% Correct
The
99.4%
The
99.4%
The
98.8%
A
98.3%
You
98%
You
98%
You
97.9%
Me
97.5%
Can
96.9%
Devil
95.5%
Take
94.8%
Take
94.4%
With
93.2%
Before
92.4%
Can't
92.4%
Few
91.7%
Catch
90.4%
It
89.6%
Lives
88.2%
Dead
87%
% Correct
Of
85.4%
For
83.8%
If
82.9%
And
79.4%
Knows
79.1%
Best
79.1%
Years
78.5%
You're
76.9%
Our
75.6%
Money
70.8%
Run
69.6%
Dollars
68.4%
More
56.6%
Steven Spielberg
33.5%
Sergio Leone
17%
Frank Capra
12.4%
Woody Allen
12.2%
Sidney Lumet
6.2%
William Wyler
6%

Today's Daily Dose

You're not logged in!

Compare scores with friends on all Sporcle quizzes.
OR
Log In

From the Vault

Badly Drawn Country Outlines II

by NarwhalNukeYT

Why do coastlines have to be so squiggly?
Remove Ads.
Support Sporcle.
Get the best of Sporcle when you Go Orange. This ad-free experience offers more features, more stats, and more fun while also helping to support Sporcle. Thank you for becoming a member.

Show Comments

Extras

Top Quizzes Today


Score Distribution

Your Account Isn't Verified!

In order to create a playlist on Sporcle, you need to verify the email address you used during registration. Go to your Sporcle Settings to finish the process.

Report this User

Report this user for behavior that violates our Community Guidelines.

Details: